| 000 | 00414nam a22001337a 4500 | ||
|---|---|---|---|
| 040 | _cNUST | ||
| 082 | _a200 THE | ||
| 100 |
_aIbrahim Khalil, _915740 |
||
| 110 | _aSupervisor Dr Wasi Haider Butt | ||
| 245 | _aTH-SOF-2176-Detecting Cross Domain Ambiguity in Requirements Through Natural Language Processing Approach | ||
| 260 |
_aISLAMABAD _bNUST COLLEGE OF EME _c2023 |
||
| 650 | _aMS-CSE-19 | ||
| 942 |
_2ddc _cTHE |
||
| 999 |
_c595421 _d595421 |
||